Better vocabulary in 30 minutes a day

Сохранить в:
Библиографические подробности
Главный автор: Schwager, Edie
Формат:
Язык:Undetermined
Опубликовано: Franklin Lakes, NJ The Career Press 1996
Предметы:
Метки: Добавить метку
Нет меток, Требуется 1-ая метка записи!
Thư viện lưu trữ: Trung tâm Học liệu Trường Đại học Cần Thơ
LEADER 00503nam a2200193Ia 4500
001 CTU_127972
008 210402s9999 xx 000 0 und d
020 |c 195000 
082 |a 428.1 
082 |b S398 
100 |a Schwager, Edie 
245 0 |a Better vocabulary in 30 minutes a day 
245 0 |c Edie Schwager 
260 |a Franklin Lakes, NJ 
260 |b The Career Press 
260 |c 1996 
650 |a Vocabulary 
904 |i Minh 
980 |a Trung tâm Học liệu Trường Đại học Cần Thơ